000 01054cam a2200301 i 4500
999 _c44030
_d44030
001 44030
003 Mx-PuUPA
005 20210121122930.0
008 140415s2014 mx gr 001 0 spa d
020 _a9786079377120
040 _aMx-PuUPA
_bspa
_cMx-PuUPA
_dMx-PuUPA
_erda
041 _aspa
100 1 _aDonovan, Jeremey,
_eautor
_910337
245 1 0 _aMétodo TED para hablar en público :
_blos secretos de las conferencias que triunfan en todo el mundo /
_cJeremy Donovan
250 _aPrimera edición /
_babril
264 1 _aCiudad de México :
_bEdiciones Culturales Paidós,
_c2014
300 _a111 páginas ;
_c24 cm
336 _atexto
_2rdacontent
_btxt
337 _asin medio
_2rdamedia
_bn
338 _avolumen
_2rdacarrier
_bnc
650 4 _aNegocios
_xPresentaciones
650 4 _aHablar en público
650 4 _aComunicación en negocios
942 _2ddc
_cLI
_h658.452
_iD674